000 01054nam a22003137a 4500
003 EG-ScBUE
005 20220529105152.0
008 140701t2013 maua f 000 0 eng d
020 _a9781133565840
040 _aEG-ScBUE
_beng
_erda
_cEG-ScBUE
_dEG-ScBUE
082 0 4 _222
_a428.24
_bDOU
100 1 _935961
_aDouglas, Nancy,
_eauthor.
245 1 0 _aWorld class 2,
_pWorkbook /
_cNancy Douglas, James R. Morgan.
246 3 0 _aWorkbook
264 1 _aBoston, MA :
_bNational Geographic Learning,
_c[2013]
264 4 _cc2013
300 _aiv, 92 pages :
_billustrations ;
_c28 cm.
336 _2rdacontent
_atext
_btxt
337 _2rdamedia
_aunmediated
_bn
338 _2rdacarrier
_avolume
_bnc
490 0 _aWorld class series
650 7 _aEnglish language
_vTextbooks for foreign speakers.
_2BUEsh
650 7 _aEnglish language
_vSound recordings for foreign speakers.
_2BUEsh
651 _2BUEsh
653 _cJuly2014
_bHHUUEENN
655 _vReading book
_934232
700 1 _936022
_aMorgan, James R.,
_eauthor.
942 _2ddc
_k428.24 DOU
_cBB
999 _c18333
_d18305